The further adventures of Aladdin-3

Bibliographic Details
Main Author: Md. Israry
Format: Book
Published: Melaka : AED (M) Sdn. Bhd. , 1997
Series:The tales of Aladdin series
Subjects:

MARC

LEADER 00000cam a2200000 7i4500
001 0000069052
005 20220105105417.0
008 170103
020 |a 9679485153 (set) 
020 |a 9679485188 
090 0 0 |a FT   |b ENG 
100 1 |a Md. Israry 
245 1 0 |a The further adventures of Aladdin-3   |c Md. Israry; translated by Lim Ai Ling 
260 |a Melaka :   |b AED (M) Sdn. Bhd. ,   |c 1997 
300 |a 33pg. :   |b Col.ill 
490 1 |a The tales of Aladdin series 
500 |a Children ages 7-9 years old (orange) 
650 0 |a Malay language   |x Readers   |x Translations into english 
999 |a 0000796700   |b Book   |c Children Collection   |e Cawangan Segamat 
999 |a 0000801425   |b Book   |c Children Collection   |e Cawangan Mersing 
999 |a 0000801430   |b Book   |c Children Collection   |e Cawangan Pontian 
999 |a 0000816468   |b Book   |c Children Collection   |e Cawangan Mersing 
999 |a 0000817758   |b Book   |c Children Collection   |e Cawangan Bandar Penawar 
999 |a 0000830580   |b Book   |c Children Collection   |e Cawangan Pontian